00728nam a2200193 a 450000100100000000500170001000800410002704000250006808200150009310000270010824500830013526000760021830000220029450000420031670000280035804900090038695201220039599900170051700002923320200930055420.0110414s1980 dr 000 0 spa d aDO-SdBNPbspacBNPHU axxxbC952b1 aCrouch, Luis A.95612810aLa base clasista del crecimiento agricola /cLuis A. Crouch y Alain de Janvry. aSantiago de los Caballeros :bInstituto Superior de Agricultura,c1980. a[38] p. ;c22 cm. aIncluye notas al pie de las páginas1 aJanvry, Alain de956129 aBNPD 001054708PDaPDbPDcCTd2011-04-14iLF1l0oxxx C952bp29233-10r2020-06-25w2020-06-25yLFPDZPréstamo en sala c28725d28725